Dua Lipa Songs (Updated January 2026) - Statistics

General Stats
  • This quiz has been taken 2,048 times
    689 since last reset
  • The average score is 33 of 68
Answer Stats
Album # Answer % Correct
Dua Lipa 10 New Rules
86%
Future Nostalgia 5 Levitating
85%
Future Nostalgia 18 Levitating (ft. DaBaby)
85%
Radical Optimism 2 Houdini
84%
Radical Optimism 3 Training Season
81%
Future Nostalgia 4 Physical
79%
Future Nostalgia 2 Don't Start Now
77%
Future Nostalgia 1 Future Nostalgia
76%
Radical Optimism 7 Illusion
75%
Dua Lipa 21 One Kiss
73%
Dua Lipa 4 Be The One
68%
Future Nostalgia 9 Break My Heart
68%
Dua Lipa 5 IDGAF
68%
Future Nostalgia 8 Love Again
68%
Singles 2023 Dance the Night
67%
Radical Optimism 10 Maria
65%
Radical Optimism 4 These Walls
63%
Future Nostalgia 12 Fever
62%
Future Nostalgia 7 Hallucinate
61%
Future Nostalgia 11 Boys Will Be Boys
60%
Radical Optimism 1 End of an Era
60%
Future Nostalgia 14 Prisoner
57%
Collaborations 2021 Cold Heart
56%
Future Nostalgia 3 Cool
56%
Dua Lipa 22 Electricity
56%
Radical Optimism 6 French Exit
56%
Future Nostalgia 10 Good In Bed
56%
Radical Optimism 11 Happy for You
56%
Radical Optimism 8 Falling Forever
55%
Dua Lipa 6 Blow Your Mind (Mwah)
53%
Dua Lipa 24 No Lie
53%
Dua Lipa 3 Hotter Than Hell
52%
Future Nostalgia 13 We're Good
52%
Radical Optimism 5 Whatcha Doing
52%
Radical Optimism 9 Anything for Love
50%
Future Nostalgia 6 Pretty Please
50%
Dua Lipa 1 Genesis
47%
Dua Lipa 20 Kiss and Make Up
47%
Collaborations 2022 Sweetest Pie
46%
Future Nostalgia 19 Un Día
46%
Dua Lipa 23 Scared to Be Lonely
44%
Dua Lipa 2 Lost In Your Light
40%
Dua Lipa 7 Garden
39%
Future Nostalgia 16 That Kind of Woman
37%
Dua Lipa 12 Homesick
36%
Future Nostalgia 15 If It Ain't Me
36%
Collaborations 2025 Handlebars
35%
Dua Lipa 17 Last Dance
35%
Collaborations 2022 Potion
35%
Dua Lipa 15 New Love
34%
Dua Lipa 11 Begging
32%
Singles 2019 Swan Song
32%
Future Nostalgia 17 Not My Problem
30%
Dua Lipa 14 Room for 2
30%
Dua Lipa 8 No Goodbyes
29%
Dua Lipa 9 Thinkin' Bout You
29%
Dua Lipa 16 Bad Together
27%
Dua Lipa 18 Want To
26%
Dua Lipa 13 Dreams
25%
Dua Lipa 19 Running
25%
Collaborations 2017 My Love
16%
Collaborations 2021 Demeanor
15%
Singles 2021 Can They Hear Us
13%
Collaborations 2020 Real Groove
12%
Collaborations 2020 Sugar
12%
Collaborations 2018 If Only
10%
Collaborations 2017 Bridge over Troubled Water
4%
Collaborations 2020 Times Like These
3%
No matching quizzes found
Score Distribution
Percent of People with Each Score
Percentile by Number Answered
Your Score History
You have not taken this quiz since the last reset